Central Library OPAC University of Rajshahi

Cohomologie Galoisienne : (Record no. 50756)

MARC details
000 -LEADER
fixed length control field 00750nam a2200241 a 4500
001 - CONTROL NUMBER
control field 50756
003 - CONTROL NUMBER IDENTIFIER
rucl marc code BD-RjUL
005 - DATE AND TIME OF LATEST TRANSACTION
control field 20211209075547.0
008 - FIXED-LENGTH DATA ELEMENTS--GENERAL INFORMATION
fixed length control field 160828s1965 gw 000 0 fre d
035 ## - SYSTEM CONTROL NUMBER
System control number (BD-RjUL)50876
040 ## - CATALOGING SOURCE
Original cataloging agency BD-RjUL
Language of cataloging eng
Transcribing agency BD-RjUL
Modifying agency BD-RjUL
041 ## - LANGUAGE CODE
Language code of text/sound track or separate title eng
082 ## - DEWEY DECIMAL CLASSIFICATION NUMBER
Edition number 23
Classification number 510
Author mark and year SEC 1965
100 1# - MAIN ENTRY--PERSONAL NAME
Personal name Serre, Jean-Pierre,
Dates associated with a name 1926-
9 (RLIN) 151878
245 10 - TITLE STATEMENT
Title Cohomologie Galoisienne :
Remainder of title cours au College de France, 1962-1963 /
Statement of responsibility, etc. Jean-Pierre Serre
250 ## - EDITION STATEMENT
Edition statement Troisieme ed
260 ## - PUBLICATION, DISTRIBUTION, ETC. (IMPRINT)
Place of publication, distribution, etc. Berlin :
Name of publisher, distributor, etc. Springer-Verlag,
Date of publication, distribution, etc. 1965
300 ## - PHYSICAL DESCRIPTION
Pagination (various pagings) ;
Size 30 cm
490 1# - SERIES STATEMENT
Series statement Lecture notes in mathematics ;
Volume/sequential designation 5
650 ## - SUBJECT ADDED ENTRY--TOPICAL TERM
Topical term or geographic name as entry element Mathematics
9 (RLIN) 155988
830 #0 - SERIES ADDED ENTRY--UNIFORM TITLE
Uniform title Lecture notes in mathematics ;
Volume number/sequential designation 5.
942 ## - ADDED ENTRY ELEMENTS (KOHA)
Source of classification or shelving scheme Dewey Decimal Classification
Koha item type Books
Holdings
Lost status Source of classification or shelving scheme Damaged status Not for loan Collection code Permanent Location Current Location Shelving location Date acquired Total Checkouts Full call number Date last seen Copy number Koha item type
  Dewey Decimal Classification     Non-fiction Central Library, University of Rajshahi Central Library, University of Rajshahi       510 SEC 1965 28/08/2016 C-2 Books